POLITICS (Record no. 5711)

MARC details
000 -LEADER
fixed length control field 00336nam a22001457a 4500
005 - DATE AND TIME OF LATEST TRANSACTION
control field 20210831130016.0
008 - FIXED-LENGTH DATA ELEMENTS--GENERAL INFORMATION
fixed length control field 180628b xxu||||| |||| 00| 0 eng d
041 ## - LANGUAGE CODE
Language code of text/sound track or separate title eng
100 ## - MAIN ENTRY--AUTHOR NAME
Personal name HEYWOOD, ANDREW
245 ## - TITLE STATEMENT
Title POLITICS
250 ## - EDITION STATEMENT
Edition statement 4TH ED.
260 ## - PUBLICATION, DISTRIBUTION, ETC. (IMPRINT)
Place of publication new york
Name of publisher PAIGRAVE, MACMILLAN
Year of publication 1997
300 ## - PHYSICAL DESCRIPTION
Number of Pages 496p,
942 ## - ADDED ENTRY ELEMENTS (KOHA)
Koha item type Books
Holdings
Lost status Damaged status Home library Current library Shelving location Date acquired Full call number Accession Number Koha item type Collection code Source of acquisition
    JRU Library   SHELF-30-F 28/06/2018 320 22384 Books    
    JRU Library JRU Library SHELF-1-D 28/06/2018 320 22385 Books Reference PURCHASE